Statistics for Management (Record no. 107045)

MARC details
000 -LEADER
fixed length control field 00339nam a2200121Ia 4500
008 - FIXED-LENGTH DATA ELEMENTS--GENERAL INFORMATION
fixed length control field 211119s9999||||xx |||||||||||||| ||und||
082 ## - DEWEY DECIMAL CLASSIFICATION NUMBER
Classification number 658
Item number LEV-S
100 ## - MAIN ENTRY--PERSONAL NAME
Personal name Levin, Richard I
245 #0 - TITLE STATEMENT
Title Statistics for Management
260 ## - PUBLICATION, DISTRIBUTION, ETC.
Name of publisher, distributor, etc. Prentice-Hall of India
Place of publication, distribution, etc. New Delhi
Date of publication, distribution, etc. 1997
650 ## - SUBJECT ADDED ENTRY--TOPICAL TERM
Topical term or geographic name entry element ManagementManagement
942 ## - ADDED ENTRY ELEMENTS (KOHA)
Koha item type BOOK
650 ## - SUBJECT ADDED ENTRY--TOPICAL TERM
General subdivision MBA LIBRARY
Holdings
Withdrawn status Lost status Damaged status Not for loan Home library Current library Date acquired Cost, normal purchase price Total Checkouts Full call number Barcode Shelving location Date last seen Price effective from Koha item type
        SB LIBRARY SB LIBRARY 19/11/2021 325.00   658 LEV-S 00120452 MBA LIBRARY 19/11/2021 19/11/2021 BOOK

Powered by Koha